US States by University - Statistics

General Stats
  • This quiz has been taken 76 times
    46 since last reset
  • The average score is 12 of 20
Answer Stats
Hint Answer % Correct
Auburn Alabama
100%
Santa Clara California
100%
Savannah State Georgia
100%
Boise State Idaho
100%
Northwestern Illinois
100%
Harvard Massachusetts
100%
Columbia New York
100%
Duke North Carolina
100%
Portland State Oregon
100%
Lehigh Pennsylvania
100%
Rice Texas
100%
American Washington D.C.
100%
Fresno State California
91%
Yale Connecticut
90%
Sam Houston Texas
90%
Louisville Kentucky
86%
Navy Maryland
86%
Syracuse New York
86%
Toledo Ohio
86%
John Hopkins Maryland
83%
Coastal Carolina South Carolina
83%
SMU Texas
83%
Emory Georgia
80%
Notre Dame Indiana
80%
Dartmouth New Hampshire
80%
Cornell New York
80%
BYU Utah
80%
James Madison Virginia
80%
Georgetown Washington D.C.
80%
Rutgers New Jersey
78%
Troy Alabama
75%
Kennesaw State Georgia
75%
Princeton New Jersey
75%
Villanova Pennsylvania
75%
Brown Rhode Island
75%
Clemson South Carolina
75%
Marshall West Virginia
75%
Kalamazoo College Michigan
73%
Drexel Pennsylvania
73%
Loyola Marymount California
71%
Bowling Green Ohio
71%
Kent State Ohio
71%
Marquette Wisconsin
71%
Wichita State Kansas
70%
Stanford California
67%
Purdue Indiana
67%
Army New York
67%
St John's New York
67%
Appalachian State North Carolina
67%
Xavier Ohio
67%
Akron Ohio
67%
Tulsa Oklahoma
67%
St. Francis Pennsylvania
67%
Vanderbilt Tennessee
67%
Liberty Virginia
67%
Old Dominion Virginia
67%
Gonzaga Washington
67%
Northeastern Massachusetts
63%
Iona College New York
60%
Wake Forest North Carolina
60%
Air Force Colorado
57%
DePaul Illinois
57%
Towson Maryland
57%
Jackson State Mississippi
57%
Duquesne Pennsylvania
57%
Seton Hall New Jersey
56%
Baylor Texas
56%
Samford Alabama
50%
Pepperdine California
50%
Ball State Indiana
50%
Murray State Kentucky
50%
Tulane Louisiana
50%
Creighton Nebraska
50%
Fairleigh Dickinson New Jersey
50%
St. Bonaventure New York
50%
Elon North Carolina
50%
Temple Pennsylvania
50%
Norfolk State Virginia
50%
Siena New York
44%
Butler Indiana
43%
Weber State Utah
43%
Middlebury Vermont
43%
Gardner-Webb North Carolina
42%
Holy Cross Massachusetts
40%
Hofstra New York
40%
Oral Roberts Oklahoma
40%
Drake Iowa
38%
Bucknell Pennsylvania
36%
McNeese State Louisiana
33%
Morgan State Maryland
33%
Stony Brook New York
33%
Furman South Carolina
33%
Bellarmine Kentucky
29%
Colgate New York
29%
Lipscomb Tennessee
29%
Belmont Tennessee
29%
Wesleyan Connecticut
25%
Grambling State Louisiana
25%
Davidson North Carolina
25%
Dayton Ohio
25%
Saint Peter's New Jersey
22%
Morehead State Kentucky
20%
Incarnate Word Texas
20%
Longwood Virginia
17%
Quinnipiac Connecticut
14%
High Point North Carolina
14%
Wofford South Carolina
14%
Radford Virginia
14%
Mount St. Mary's Maryland
11%
Oakland Michigan
0%
Bryant Rhode Island
0%
No matching quizzes found
Score Distribution
Percent of People with Each Score
Percentile by Number Answered
Your Score History
You have not taken this quiz since the last reset